Années de sortie Stranger Things - Mort subite - Statistiques

Statistiques générales
  • Ce quiz a été pris 457 fois
  • Le résultat moyen est 4 sur 6
Answers on the Grid
Answers color-coded by a green-red scale on the quiz's grid according to % correct below.
2016
2017
2019
2022
2025
2015
2018
2020
2021
2023
2024
2014
2025
 
Statistiques - réponses
Réponse % Correct
2016
78%
2025
63%
2022
61%
2025
60%
2019
52%
2017
48%
Aucun quiz correspondant
Distribution des résultats
% des personnes avec chaque résultat
Percentile par nombre de réponses
Votre historique - résultats
Vous n’avez pas pris ce quiz